| 000 | 00687nam a22002052 4500 | ||
|---|---|---|---|
| 001 | 0000007335 | ||
| 005 | 20151021151113.0 | ||
| 008 | 080110s xx 000 0 eng d | ||
| 020 | _cKES | ||
| 040 |
_aKABU _cKABU |
||
| 110 | 2 |
_aKenya. _bCentral Bureau of Statistics. _@0000149899 |
|
| 245 | 1 | 0 |
_aSources and methods used for the national accounts of Kenya / _cCental Bureau of Statistics. |
| 260 |
_aNairobi : _b[Government Printer], _c1977. |
||
| 300 | _a192 p. | ||
| 650 | 0 |
_aNational income _xAccounting _zKenya. _@0000158555 |
|
| 650 | 0 |
_aSocial accounting _zKenya. _@0000158556 |
|
| 908 | _a080110 | ||
| 950 | _@1 | ||
| 999 |
_c719 _d719 |
||